Le référentiel de compétences communes - Statistiques

Statistiques générales
  • Ce quiz a été pris 15 fois
  • Le résultat moyen est 10 sur 19
Statistiques - réponses
Numéro compétence Description Domaine % Correct
C6 Agir en éducateur responsable et selon des principes éthiques Pédagogue et éducateur au service de la réussite de tous les élèves
100%
C10 Coopérer au sein d'une équipe Acteur de la communauté éducative
100%
C1 Faire partager les valeurs de la République Acteur du service public
100%
C5 Accompagner les élèves dans leur parcours de formation Pédagogue et éducateur au service de la réussite de tous les élèves
67%
C3 Connaître les élèves et les processus d'apprentissage Pédagogue et éducateur au service de la réussite de tous les élèves
67%
C2 Inscrire son action dans le cadre des principes fondamentaux du système éducatif et dans le cadre réglementaire de l'école
67%
C4 Prendre en compte la diversité des élèves Pédagogue et éducateur au service de la réussite de tous les élèves
67%
P3 Construire, mettre en œuvre et animer des situations d'enseignement et d'apprentissage prenant en compte la diversité des élèves Praticien expert des apprentissages
33%
C11 Contribuer à l'action de la communauté éducative Acteur de la communauté éducative
33%
C12 Coopérer avec les parents d'élèves Acteur de la communauté éducative
33%
C13 Coopérer avec les partenaires de l'école Acteur de la communauté éducative
33%
P5 Évaluer les progrès et les acquisitions des élèves
33%
C9 Intégrer les éléments de la culture numérique nécessaires à l'exercice de son métier Pédagogue et éducateur au service de la réussite de tous les élèves
33%
C7 Maîtriser la langue française à des fins de communication Pédagogue et éducateur au service de la réussite de tous les élèves
33%
P2 Maîtriser la langue française dans le cadre de son enseignement Porteur de savoirs et d'une culture commune
33%
P1 Maîtriser les savoirs disciplinaires et leur didactique Porteur de savoirs et d'une culture commune
33%
P4 Organiser et assurer un mode de fonctionnement du groupe favorisant l'apprentissage et la socialisation des élèves
33%
C14 S'engager dans une démarche individuelle et collective de développement professionnel Acteur de la communauté éducative
33%
C8 Utiliser une langue vivante étrangère dans les situations exigées par son métier Pédagogue et éducateur au service de la réussite de tous les élèves
33%
Aucun quiz correspondant
Distribution des résultats
% des personnes avec chaque résultat
Percentile par nombre de réponses
Votre historique - résultats
Vous n’avez pas pris ce quiz